Nonfiction Writing: Procedures and Reports (Record no. 23707)
[ view plain ]
| 000 -LEADER | |
|---|---|
| fixed length control field | 00834nam a22002297a 4500 |
| 003 - CONTROL NUMBER IDENTIFIER | |
| control field | OSt |
| 005 - DATE AND TIME OF LATEST TRANSACTION | |
| control field | 20260609153222.0 |
| 008 - FIXED-LENGTH DATA ELEMENTS--GENERAL INFORMATION | |
| fixed length control field | 260609b |||||||| |||| 00| 0 eng d |
| 020 ## - INTERNATIONAL STANDARD BOOK NUMBER | |
| International Standard Book Number | 032500532X |
| 040 ## - CATALOGING SOURCE | |
| Transcribing agency | Chuka University Library |
| 050 ## - LIBRARY OF CONGRESS CALL NUMBER | |
| Classification number | LB 1529 .C3 2003 |
| 100 ## - MAIN ENTRY--PERSONAL NAME | |
| Personal name | Calkins Lucy |
| 9 (RLIN) | 27666 |
| 245 ## - TITLE STATEMENT | |
| Title | Nonfiction Writing: Procedures and Reports |
| 260 ## - PUBLICATION, DISTRIBUTION, ETC. | |
| Place of publication, distribution, etc. | Portsmouth |
| Name of publisher, distributor, etc. | Firsthand |
| Date of publication, distribution, etc. | 2003 |
| 300 ## - PHYSICAL DESCRIPTION | |
| Extent | Various Pagings |
| Other physical details | Illustrated |
| 650 ## - SUBJECT ADDED ENTRY--TOPICAL TERM | |
| Topical term or geographic name entry element | English Language-Composition and Exercises-Study and Teaching (Primary)--United States |
| 9 (RLIN) | 27754 |
| 650 ## - SUBJECT ADDED ENTRY--TOPICAL TERM | |
| Topical term or geographic name entry element | Report writing-Study and Teaching (Primary)-United States |
| 9 (RLIN) | 28042 |
| 650 ## - SUBJECT ADDED ENTRY--TOPICAL TERM | |
| Topical term or geographic name entry element | Feature Writing-Study and Teaching (Primary)--United States |
| 9 (RLIN) | 28043 |
| 650 ## - SUBJECT ADDED ENTRY--TOPICAL TERM | |
| Topical term or geographic name entry element | Curriculum Planning-United States |
| 9 (RLIN) | 26921 |
| 700 ## - ADDED ENTRY--PERSONAL NAME | |
| Personal name | Pessah Laurie |
| 9 (RLIN) | 28044 |
| 942 ## - ADDED ENTRY ELEMENTS (KOHA) | |
| Source of classification or shelving scheme | Library of Congress Classification |
| Koha item type | Long Loan Books |
| Suppress in OPAC | No |
| Withdrawn status | Lost status | Source of classification or shelving scheme | Damaged status | Not for loan | Collection | Home library | Current library | Shelving location | Date acquired | Source of acquisition | Cost, normal purchase price | Total Checkouts | Full call number | Barcode | Date last seen | Copy number | Price effective from | Koha item type |
|---|---|---|---|---|---|---|---|---|---|---|---|---|---|---|---|---|---|---|
| Library of Congress Classification | General Collection Books | Main Campus Library | Main Campus Library | General Stacks | 09/06/2026 | Donations From Books For Africa | 830.70 | LB 1529 .C3 2003 | 33661/2026 | 09/06/2026 | 1 | 09/06/2026 | Long Loan Books | |||||
| Library of Congress Classification | General Collection Books | Main Campus Library | Main Campus Library | General Stacks | 09/06/2026 | Donations From Books For Africa | 830.70 | LB 1529 .C3 2003 | 33660/2026 | 09/06/2026 | 2 | 09/06/2026 | Long Loan Books | |||||
| Library of Congress Classification | General Collection Books | Main Campus Library | Main Campus Library | General Stacks | 09/06/2026 | Donations From Books For Africa | 830.70 | LB 1529 .C3 2003 | 33659/2026 | 09/06/2026 | 3 | 09/06/2026 | Long Loan Books | |||||
| Library of Congress Classification | General Collection Books | Main Campus Library | Main Campus Library | General Stacks | 09/06/2026 | Donations From Books For Africa | 830.70 | LB 1529 .C3 2003 | 33658/2026 | 09/06/2026 | 5 | 09/06/2026 | Long Loan Books | |||||
| Library of Congress Classification | General Collection Books | Main Campus Library | Main Campus Library | General Stacks | 09/06/2026 | Donations From Books For Africa | 830.70 | LB 1529 .C3 2003 | 33657/2026 | 09/06/2026 | 4 | 09/06/2026 | Long Loan Books |
